Library Logo

Pioneer International University Library Catalogue

A gathering of wolves / (Record no. 9246)

MARC details
000 -LEADER
fixed length control field 01414pam a2200385 i 4500
001 - CONTROL NUMBER
control field 2206667
003 - CONTROL NUMBER IDENTIFIER
control field OSt
005 - DATE AND TIME OF LATEST TRANSACTION
control field 20250901165803.0
008 - FIXED-LENGTH DATA ELEMENTS--GENERAL INFORMATION
fixed length control field 750402s1975 nyu 000 1 eng
010 ## - LIBRARY OF CONGRESS CONTROL NUMBER
LC control number 74033741
020 ## - INTERNATIONAL STANDARD BOOK NUMBER
International Standard Book Number 0385096909 :
Terms of availability $5.95
040 ## - CATALOGING SOURCE
Original cataloging agency DLC
Language of cataloging eng
Description conventions rda
Transcribing agency DLC
Modifying agency DLC
042 ## - AUTHENTICATION CODE
Authentication code pcc
050 00 - LIBRARY OF CONGRESS CALL NUMBER
Classification number PZ 4 .H2265 Gat 1975
Item number Gat
Classification number PS3558.A454
051 ## - LIBRARY OF CONGRESS COPY, ISSUE, OFFPRINT STATEMENT
Classification number PS3558.A454
Item number G38 1975 Copy 1
Copy information In original illustrated dust jacket. Review copy: slip from publisher laid in.
082 00 - DEWEY DECIMAL CLASSIFICATION NUMBER
Classification number 813/.5/4
100 1# - MAIN ENTRY--PERSONAL NAME
Personal name Hammonds, Michael,
Relator term author.
245 12 - TITLE STATEMENT
Title A gathering of wolves /
Statement of responsibility, etc. Michael Hammonds.
250 ## - EDITION STATEMENT
Edition statement First edition.
264 #1 - PRODUCTION, PUBLICATION, DISTRIBUTION, MANUFACTURE, AND COPYRIGHT NOTICE
Place of production, publication, distribution, manufacture Garden City, New York :
Name of producer, publisher, distributor, manufacturer Doubleday & Company, Inc.,
Date of production, publication, distribution, manufacture, or copyright notice 1975.
300 ## - PHYSICAL DESCRIPTION
Extent 160 pages ;
Dimensions 22 cm.
336 ## - CONTENT TYPE
Content type term text
Content type code txt
Source rdacontent
337 ## - MEDIA TYPE
Media type term unmediated
Media type code n
Source rdamedia
338 ## - CARRIER TYPE
Carrier type term volume
Carrier type code nc
Source rdacarrier
490 0# - SERIES STATEMENT
Series statement A Double D western
500 ## - GENERAL NOTE
General note "Jacket illustration by Kenneth Frances [Francis] Dewey"--Dust jacket.
500 ## - GENERAL NOTE
General note Series from dust jacket.
650 #0 - SUBJECT ADDED ENTRY--TOPICAL TERM
Topical term or geographic name entry element Kidnapping
Form subdivision Fiction.
655 #7 - INDEX TERM--GENRE/FORM
Genre/form data or focus term Western stories.
Source of term gsafd
655 #7 - INDEX TERM--GENRE/FORM
Genre/form data or focus term Dust jackets (Binding)
Geographic subdivision New York (State)
-- Garden City
Chronological subdivision 20th century.
Source of term rbbin
700 1# - ADDED ENTRY--PERSONAL NAME
Personal name Dewey, Kenneth Francis,
Relator term illustrator.
710 2# - ADDED ENTRY--CORPORATE NAME
Corporate name or jurisdiction name as entry element Larry Dingman Western Fiction Collection (Library of Congress)
Institution to which field applies DLC
906 ## - LOCAL DATA ELEMENT F, LDF (RLIN)
a 7
b cbc
c orignew
d 1
e ocip
f 19
g y-gencatlg
942 ## - ADDED ENTRY ELEMENTS (KOHA)
Source of classification or shelving scheme Library of Congress Classification
Koha item type Books
Holdings
Withdrawn status Lost status Source of classification or shelving scheme Damaged status Not for loan Home library Current library Shelving location Date acquired Total checkouts Full call number Barcode Date last seen Price effective from Koha item type
    Library of Congress Classification     Main Library Main Library   03/10/2025   PZ 4 .H2265 Gat 1975 PIU0006962 03/10/2025 03/10/2025 Books